Palace of healing; (Record no. 2676)
[ view plain ]
| 000 -LEADER | |
|---|---|
| fixed length control field | 00606cam a22001931 4500 |
| 001 - CONTROL NUMBER | |
| control field | 2176005 |
| 005 - DATE AND TIME OF LATEST TRANSACTION | |
| control field | 20250118145921.0 |
| 008 - FIXED-LENGTH DATA ELEMENTS--GENERAL INFORMATION | |
| fixed length control field | 710301s1968 nyu 000 0beng |
| 050 00 - LIBRARY OF CONGRESS CALL NUMBER | |
| Classification number | R608.S92 |
| Item number | W5 |
| 082 00 - DEWEY DECIMAL CLASSIFICATION NUMBER | |
| Classification number | 266.7/6/0924 |
| 100 1# - MAIN ENTRY--PERSONAL NAME | |
| Personal name | Wilson, Dorothy Clarke. |
| 245 10 - TITLE STATEMENT | |
| Title | Palace of healing; |
| Remainder of title | the story of Dr. Clara Swain, first woman missionary doctor, and the hospital she founded. |
| 250 ## - EDITION STATEMENT | |
| Edition statement | [1st ed.] |
| 260 ## - PUBLICATION, DISTRIBUTION, ETC. | |
| Place of publication, distribution, etc. | New York, |
| Name of publisher, distributor, etc. | McGraw-Hill |
| Date of publication, distribution, etc. | [1968] |
| 300 ## - PHYSICAL DESCRIPTION | |
| Extent | x, 245 p. |
| Dimensions | 22 cm. |
| 650 #0 - SUBJECT ADDED ENTRY--TOPICAL TERM | |
| Topical term or geographic name entry element | Women missionaries |
| General subdivision | Biography. |
| 650 #0 - SUBJECT ADDED ENTRY--TOPICAL TERM | |
| Topical term or geographic name entry element | Women physicians |
| General subdivision | Biography. |
| 942 ## - ADDED ENTRY ELEMENTS (KOHA) | |
| Source of classification or shelving scheme | Library of Congress Classification |
| Koha item type | Books |
| Suppress in OPAC | No |
| 999 ## - | |
| -- | 2676 |
| -- | 2676 |
| Withdrawn status | Lost status | Source of classification or shelving scheme | Damaged status | Not for loan | Collection | Home library | Current library | Shelving location | Date acquired | Total checkouts | Full call number | Barcode | Date last seen | Copy number | Price effective from | Koha item type |
|---|---|---|---|---|---|---|---|---|---|---|---|---|---|---|---|---|
| Library of Congress Classification | Non-fiction | Science Library (Miotso) | Science Library (Miotso) | General stacks | 01/18/2025 | R608 WIL | SLM00002027 | 01/18/2025 | 1 | 01/18/2025 | Books |